| 000 | 00626nam a2200193 a 4500 | ||
|---|---|---|---|
| 005 | 20250625063836.0 | ||
| 008 | 991125s1956 mx 000 0 spa u | ||
| 035 | _aUPN01000032593 | ||
| 049 | _aCG | ||
| 050 | 4 |
_aHG5169 T4 _bI56 |
|
| 245 | 0 | 3 | _aLa inversión extranjera en el servicio de Teléfonos de México |
| 260 |
_aMéxico : _bCANACINTRA, _c1956. |
||
| 300 | _a39 p. | ||
| 440 | 0 | _aComisión de la C.N.I.T. para el estudio de las inversiones extranjeras$v6 | |
| 650 | 4 |
_aInversiones extranjeras _zMéxico _916644 |
|
| 650 | 4 |
_aTELEFONOS DE MEXICO - _xINVERSIONES EXTRANJERAS |
|
| 904 |
_aAC _b032594 |
||
| 905 | _aLibro | ||
| 999 |
_c32593 _d32593 |
||